African agricultural reforms : (Record no. 15463)

000 -LEADER
fixed length control field 00642cam a22001934a 4500
020 ## - INTERNATIONAL STANDARD BOOK NUMBER
ISBN 9780821395431
020 ## - INTERNATIONAL STANDARD BOOK NUMBER
ISBN 9780821395448 (electronic)
040 ## - CATALOGING SOURCE
Transcribing agency IEN
082 04 - DEWEY DECIMAL CLASSIFICATION NUMBER
Classification number 338 WOR 2012 A078 Or.
245 00 - TITLE STATEMENT
Title African agricultural reforms :
Remainder of title the role of consensus and institutions /
260 ## - PUBLICATION, DISTRIBUTION, ETC. (IMPRINT)
Place of publication Washington, D.C. :
Name of publisher World Bank,
Year of publication 2012.
300 ## - PHYSICAL DESCRIPTION
Number of Pages xix, 313 p. :
Other physical details ill. ;
Dimensions c 23 cm.
650 #0 - SUBJECT ADDED ENTRY--TOPICAL TERM
Topical Term Agriculture and state
650 #0 - SUBJECT ADDED ENTRY--TOPICAL TERM
Topical Term Agricultural productivity
650 #0 - SUBJECT ADDED ENTRY--TOPICAL TERM
Topical Term Agricultural development projects
700 1# - ADDED ENTRY--PERSONAL NAME
Personal name Aksoy, M. Ataman,
856 42 - ELECTRONIC LOCATION AND ACCESS
Uniform Resource Identifier http://www.loc.gov/catdir/enhancements/fy1210/2012014393-d.html
942 ## - ADDED ENTRY ELEMENTS (KOHA)
Koha item type សៀវភៅភាសាអង់គ្លេស
952 ## - LOCATION AND ITEM INFORMATION (KOHA)
Withdrawn status [LOCAL, KOHA] 0
Holdings
Permanent Location Date acquired Koha item type Lost status Shelving location Barcode Current Location Full call number
Library Block A2017-11-22សៀវភៅភាសាអង់គ្លេស A078RUA055572Library Block A338 WOR 2012 A078 Or.
មជ្ឈមណ្ឌលឯការនៃសាកលវិទ្យាល័យភូមិន្ទកសិកម្មចំការដូង

Powered by Koha